La Revolución de 1917 : (Record no. 63587)

MARC details
000 -LEADER
campo de control de longitud fija 00798nam a2200253 i 4500
001 - NÚMERO DE CONTROL
campo de control 63587
003 - IDENTIFICADOR DE NÚMERO DE CONTROL
campo de control ES-MaACL
005 - FECHA Y HORA DE LA ÚLTIMA TRANSACCIÓN
campo de control 20230906164922.0
007 - CAMPO FIJO DE DESCRIPCIÓN FÍSICA--INFORMACIÓN GENERAL
campo de control de longitud fija t|
008 - DATOS DE LONGITUD FIJA--INFORMACIÓN GENERAL
campo de control de longitud fija 031212s1975 sp ||||1| spa d
020 ## - NÚMERO INTERNACIONAL ESTÁNDAR DEL LIBRO
Número Internacional Estándar del Libro 84-7222-482-1
080 ## - NÚMERO DE LA CLASIFICACIÓN DECIMAL UNIVERSAL
Número de la Clasificación Decimal Universal 947"1917-21"
100 1# - ENTRADA PRINCIPAL--NOMBRE DE PERSONA
Nombre de persona Ferro, Marc.
9 (RLIN) 50595
245 13 - MENCIÓN DEL TÍTULO
Título La Revolución de 1917 :
Resto del título la caída del zarismo y los orígenes de octubre /
Mención de responsabilidad, etc. Marc Ferro ; [versión de Máximo Loizu].
250 ## - MENCION DE EDICION
Mención de edición 1ª ed.
260 ## - PUBLICACIÓN, DISTRIBUCIÓN, ETC.
Lugar de publicación, distribución, etc. Barcelona :
Nombre del editor, distribuidor, etc. Laia,
Fecha de publicación, distribución, etc. 1975.
300 ## - DESCRIPCIÓN FÍSICA
Extensión 522 p. ;
Dimensiones 21 cm.
490 1# - MENCIÓN DE SERIE
Mención de serie Historia / Papel 451 ;
Designación de volumen o secuencia 33
651 #4 - PUNTO DE ACCESO ADICIONAL DE MATERIA--NOMBRE GEOGRÁFICO
Nombre geográfico Rusia-
Subdivisión general Historia-
Subdivisión cronológica 1917, Revolución de febrero.
9 (RLIN) 172920
700 1# - ENTRADA AGREGADA--NOMBRE PERSONAL
Nombre de persona Loizu, Máximo.
9 (RLIN) 73149
830 1# - PUNTO DE ACCESO ADICIONAL DE SERIE-TÍTULO UNIFORME
Título uniforme Historia / Papel 451 ;
Designación de volumen o secuencia 33
9 (RLIN) 230678
852 ## - LOCALIZACIÓN
Ubicación ES-MaACL
Número de control de estantería E-9765
Holdings
Estatus retirado Estado de pérdida Estado de daño No para préstamo Biblioteca de origen Biblioteca actual Ubicación en estantería Fecha de adquisición Fuente de adquisición Total de préstamos Signatura topográfica completa Código de barras Visto por última vez Precio de reemplazo Tipo de ítem Koha
        Biblioteca del Ateneo de Madrid Biblioteca del Ateneo de Madrid Depósito 2 17/01/2008     E-9765 1066647 23/02/2023 23/02/2023 Libro impreso